000 00975njm a22002297a 4500
005 20100904111116.0
007 sd ammalaaahaa
008 100904t xxu||||| |||| 00| 0 hin d
028 _aN. 52807
_bHis Master's Voice
035 _aGR-537
040 _aSED/VEN
100 _aBhosle, Asha
_918290
245 _aAakhri Dao:
_bhindustani /
_cby Asha Bosle; Music by Madan Mohan; lyric by Majooh
246 _aआखरी दाव (आशा बोसले)
260 _aDum Dum, India
_bHis Master's Voice
300 _a1 sound disc [Gramophone recording] :
_banalog, 33. 1/3 rpm
_c10 in
_fGramophone recording
500 _aBrief record.
505 _aNa dar sanam (Aakhri Dao) (Asha Bosle) न डर सनम भाग १ , Tujhe Kya Sunayu तुझे क्या सुनायु भाग २
_r
650 _aClassical music
_xExcerpts
_zIndia
_918291
942 _2ddc
_cGR
999 _c43715
_d43715